MDQL
is popping MORE tags! Check the
thread
!
Quizzes
Events
Quiz Creation
Community
Videos
Private Events
Remove Ads
Sign In
Join for FREE
Feedback
Dark Mode
Quiz Categories
Sports
Geography
Music
Movies
Television
Just For Fun
Miscellaneous
History
Literature
Language
Science
Gaming
Entertainment
Religion
Holiday
For Kids
Quiz Lab
Recent
Popular Today
Quiz Kudos Today
Editor Picks
Curator Picks
Quizzes by...
Day
Popularity
Type
Ratings
Length
Year
Community
Subscriptions
Recent Discussions
Orange Saloon
Badges
Playlists
Quests
Create
Leaderboards
Showdown
Live 5
Trivia Bingo
Activity
Puzzle Library
Sporcle Events
Private Events
Virtual Trivia
Globe League
Become a Host
Pub Owners
SporcleCon
Opinionation
Our Games
Videos
Blog
Mobile Apps
Partnerships
Remove Ads and Go Orange
Feedback
Geography
Country
Landmarks
City
State
Population
World
Capital
Continent
Flags
Europe
Africa
Asia
South America
North America
Oceania
Border
Canada
United Kingdom
Topography
United States
Geography
Country
Landmarks
City
State
Population
World
Capital
Continent
Flags
Europe
Africa
Asia
South America
North America
Oceania
Border
Canada
United Kingdom
Topography
United States
Random Quiz
Search Sporcle
×
Quiz Lab
Quiz Lab
Geography
New Zealand
Type in answers that appear in a list
Type in answers that appear in a list
Classic
Best Score? Go Orange.
New Zealand Quiz Stats
Can you name the New Zealand Quiz?
By
HiiThere
7m
11 Questions
292 Plays
292 Plays
292 Plays
Comments
Comments
Give Quiz Kudos
Give Quiz Kudos
-
- Ratings
hide this ad
Replay
Link that replays current quiz
Next Quiz
Link to next quiz in quiz playlist
You Got
0%
They Got
Avg Score
80%
Avg Friend Score
Upgrade to see
Score Distribution
Jump to the score distribution portion of the page
Score
0/11
Timer
07:00
0
Plays Today
QUESTION
ANSWER
% Correct
What is the native bird called?
The Kiwi
99%
What is the capital of New Zealand?
Wellington
97.9%
What is the most populated city in New Zealand?
Auckland
96.6%
Which is taller? Eiffel Tower or Skytower?
Skytower
95.5%
What are the natives called?
The Maori
91.4%
Who is John Key?
The Prime Minister
86.3%
What are New Zealanders commonly referred to?
Kiwis
84.9%
What does the New Zealand have in common with the Australian Flag?
Union Jack
75.3%
What do New Zealanders call 'flip-
flops'?
Jandals
68.2%
What is a New Zealand-
Made TV series, which is popular in New Zealand?
Shortland Street
66.1%
What a well-
known New Zealand Fruit?
Feijoa
19.9%
Quiz Playlist
Details
Report
Send in Message
Add To Playlist
Classic:
Type in answers that appear in a list
Last Updated: Feb 16, 2017
Quiz Scoreboard
CHALLENGE
Sign Up to Join the Scoreboard
Show All
Scores
Hide
Comments
May contain spoilers
Recently Published
Colored Red Africa Blitz
by spor1
Geography
30s
Find the 'City' Movie
by crazypaving
Movies
60s
5x2 Blitz: Bands
by SL_Kpop136
Music
30s
More to Explore
Quiz From the Vault
Featured Blog Post
14 Easter Pick-up Lines to Find Eggs With
hide this ad
You Might Also Like...
Tags
New Zealand
Zealand
Today's Top Quizzes in Geography
Browse Geography
hide this ad
Today's Top Quizzes in New Zealand
Browse New Zealand
Top Contributed Quizzes in Geography
1
Colored Red Europe Blitz I
2
Countries of the World - No Outlines Minefield
3
Colored Red Africa Blitz II
4
Colored Red Europe Blitz II
5
Colored Red Europe Blitz III
6
Colored Red Africa Blitz III
7
Colored Red States Blitz I
8
Colored Red States Blitz II
9
Lietuvos savivaldybės (Lithuanian Municipalities)
10
A Different View: World Oceans
Explore More
Trending Topics
NBA
Harry Potter
Crossword
Marvel
Disney
Kpop
Anime
The Office
Song
Soccer
NFL
Puzzle
Country
WWE
Pokémon
hide this ad
More By:
HiiThere
Quiz
Plays
Rating
Category
Featured
Created
ONE DIRECTION LYRICS
17,284
3.00
Music
Oct 15, 2011
What Taylor Swift song is it?
9,164
4.07
Music
Jul 20, 2011
What is that Selena Gomez Song?
793
4.00
Music
Jul 21, 2011
Right or Wrong?
496
2.43
Just For Fun
Jul 19, 2011
Spongebob Quiz
366
3.33
Television
Jul 19, 2011
Go to Creator's Profile
Score Distribution
Quiz Creator Spotlight
HiiThere
Follow
Send a Message
Quizzes Created
-
Created Quiz Play Count
-
More By This Creator
Popular Quizzes Today
1
Colored Red Africa Blitz
2
Find the 'City' Movie
3
5x2 Blitz: Bands
4
Find the US States - No Outlines Minefield
5
The Countries of the World
6
Find the US States
7
US States
8
Find the Countries of Europe - No Outlines Minefield
More Geography Quizzes
Find the Flags
Editor's Pick
Trending Quizzes
Colored Red Europe Blitz I
Colored Red Europe Blitz II
Colored Red Africa Blitz II
Colored Red Europe Blitz III
Colored Red Africa Blitz III
Recently Updated
How Do You Spell That?
pecheneg
Godzilla Movies
pecheneg
Grab Bag: 4-10 Letters
pecheneg
2024 March Madness Bracket
pecheneg
Famous TV Couples
Peacemaker
Champions League XIs: Real Madrid
pecheneg
Largest US Cities 1790-2010
pecheneg
Rides in Walt Disney World
pecheneg
Most Oscar Losses (Acting)
pecheneg
Beyoncé Albums
pecheneg
Trending Topics
Anime
NBA
Harry Potter
Disney
Kpop
Crossword
Marvel
WWE
Soccer
Song
Country
Pokémon
The Office
NFL
Puzzle
Your Account Isn't Verified!
In order to create a playlist on Sporcle, you need to verify the email address you used during registration. Go to your
Sporcle Settings
to finish the process.
Report this User
Report this user for behavior that violates our
Community Guidelines
.
Details:
Send Report
Go to the Sporcle.com Mobile Site →
Comments